000
00332nam a22001457a 4500
008
230613b ||||| |||| 00| 0 eng d
020
_a
9780803644021
041
_a
eng
080
_2
THIRD EDITION
_a
610.73
082
_a
610.73COL
100
_a
7
101
_a
MJP
245
_a
MED-SURG SUCCESS
_c
COLGROVE.C.K
942
_2
udc
_c
BK
999
_c
59946
_d
59946